000
00243nam a22000977a 4500
999
_c
519931
_d
519931
082
_a
TNC B253 R161
100
_a
Swami Nishwananda
_9
31283
245
_a
Enlightened citizenship
260
_a
New Delhi
_b
Ram Krishna Mission
_c
1985
300
_a
475p.